[Event "Corus"]
[Site "Wijk aan Zee"]
[Date "2000.01.27"]
[Round "10"]
[White "Piket, Jeroen"]
[Black "Short, Nigel D"]
[Result "1-0"]
[WhiteElo "2633"]
[BlackElo "2683"]
[Annotator "Stohl,I"]
[PlyCount "79"]
[EventDate "2000.01.15"]
[EventType "tourn"]
[EventRounds "13"]
[EventCountry "NED"]
[EventCategory "18"]
[SourceTitle "CBM 075"]
[Source "ChessBase"]
[SourceDate "2000.04.05"]
[SourceVersion "1"]
[SourceVersionDate "2000.04.05"]
[SourceQuality "1"]

1. d4 {Hecht} e6 2. c4 b6 3. a3 f5 {This time Short plays a more usual move,
but Piket demonstrates a comprehensive and consistent strategy, which limits
Black's options.} ({Only weeks before in Batumi Short against the same
opponent successfully played the extravagant and provocative} 3... g6 4. Nc3
Bg7 5. e4 Ne7 6. f4 d5 7. cxd5 exd5 8. e5 c5 9. Nf3 Nbc6 10. Be3 O-O 11. Be2
Nf5 12. Bf2 cxd4 13. Nxd4 Ncxd4 14. Bxd4 Be6 15. O-O f6 16. exf6 Bxf6 17. Bxf6
Qxf6 18. Qd2 Rad8 19. Bg4 Ne3 20. Qxe3 Bxg4 21. Qd2 d4 22. Ne4 Qc6 23. Nf2 Bf5
24. Rac1 Qd5 25. Rfe1 Rfe8 26. h3 d3 27. g4 Be4 28. Re3 Bh1 $1 $17 {Piket,
J-Short,N/EU-chT Batumi/1999/}) 4. d5 Nf6 5. g3 Bb7 6. Bg2 g6 (6... Ne4 7. Nf3
Bc5 8. O-O Qf6 9. Qd3 O-O 10. Nbd2 exd5 11. cxd5 Re8 12. Rb1 Nxf2 13. Rxf2 Re3
14. Qc2 Rxe2 15. Qxc5 bxc5 16. Rxe2 Bxd5 17. b3 Nc6 18. Bb2 Qd6 19. Rbe1 $36 {
Jakobsen,O-Ward,C/Copenhagen/1998/}) ({This game shows Black should probably
try to solve the development of Nb8 with} 6... a5 $5 {first.}) 7. Nc3 Bg7 8.
Nh3 $5 ({White's move is more ambitious than} 8. Nf3 Na6 9. Rb1 Nc5 10. Nd2 Ng4
11. Qc2 Bd4 12. Nd1 exd5 13. Bxd5 Qe7 14. b4 c6 15. Bg2 Ne6 16. Nb3 Bg7 17. h3
Ne5 18. O-O O-O 19. f4 Nf7 20. Bb2 d5 $1 21. Bxg7 Nxg7 22. cxd5 cxd5 23. Nc3
Qe3+ 24. Kh2 Rac8 25. Rf3 Qe7 26. Rd3 Nh5 27. Qd2 Nf6 28. Nxd5 Bxd5 29. Bxd5
Nxd5 30. Rxd5 Rfe8 $44 {Chernin,A-Kharlov,A/New York op/1998/}) 8... O-O 9. O-O
a5 (9... Na6 10. Rb1 (10. Qc2 Nc5 11. Rd1 exd5 12. cxd5 a5 13. Be3 Nfe4 14.
Nxe4 Nxe4 15. Bd4 Bxd4 16. Rxd4 Nc5 17. Rad1 Qf6 18. b4 axb4 19. axb4 Ra1 20.
e3 $16 {Vojinovic,G-Filipovic,B/YUG-chT Niksic/1996/}) (10. b4 $5 Nxd5 11. Nxd5
Bxd5 12. Bxd5 exd5 13. Qxd5+ Kh8 14. Ra2 (14. Bg5 Qe8 15. Rad1 Rf7 16. Bf4 c6
17. Qd3 h6 18. Bd6 Qe4 19. Nf4 Qxd3 20. Nxd3 Re8 21. b5 Nb8 22. e3 Kg8 23. Nb4
Bf8 24. Rd3 Bxd6 25. Rxd6 c5 26. Na6 Nxa6 27. bxa6 Re4 $132 {Farago,I-Varga,Z/
Pecs/1998/}) 14... c5 $2 15. Ng5 Qe7 16. Qb7 cxb4 17. Qxa6 b3 18. Rb2 h6 19.
Nf3 Bxb2 20. Bxb2+ Kg8 21. Ne5 d6 22. Nd3 Rac8 23. Qb5 Qe6 24. Rc1 g5 25. Qxb3
$18 {Yuferov,S-Lempert,I/Moscow/1990/}) 10... Nc5 11. b4 Nce4 12. Bb2 exd5 $6
13. cxd5 Nd6 14. Qb3 Kh8 15. Rbc1 Re8 16. Rfd1 Ng4 17. a4 a6 18. e3 Rc8 19. Nf4
Ne5 20. Nce2 Ne4 21. Nd3 $16 Qe7 $2 22. Nxe5 Bxe5 23. Bxe4 fxe4 24. Rxc7 $1
Rxc7 25. d6 Qg7 26. Bxe5 Qxe5 27. dxc7 Qxc7 28. Qf7 Rd8 29. Nf4 {1-0,
Hjartarson,J-Gretarsson,H/Reykjavik/1995/}) 10. Rb1 $1 {[%mdl 32] As Black's
Nb8 has only one square available, White prepares to limit it's scope. A very
effective strategy.} (10. c5 Kh8 11. cxb6 cxb6 12. Bf4 Nxd5 13. Nxd5 exd5 14.
Bxd5 Bxd5 15. Qxd5 Nc6 16. Rad1 (16. Qd2 $5 $36) 16... Bxb2 17. Rd3 Bf6 18.
Rfd1 Qe8 19. Re3 Qf7 20. Qb5 Rfe8 21. Qxb6 Rxe3 22. Bxe3 Rd8 23. Qc5 Qe7 24.
Rd5 $14 {Cramling,P-Gulko,B/ESP-chT Oropesa del Mar/1996/}) 10... Na6 11. b4
axb4 12. axb4 c5 $146 ({In spite of the result no better for Black is} 12...
Qc8 13. Qb3 c6 14. dxe6 dxe6 15. Be3 Qc7 16. Nf4 (16. Na4 $5 $16) 16... Rfe8
17. Na4 e5 18. Bxb6 Qf7 19. Nd3 e4 20. Ndc5 $16 Bc8 21. Nxa6 $2 Bxa6 22. Rfc1
Ng4 23. f3 Ne5 24. b5 Bc8 25. f4 cxb5 26. Qxb5 Bd7 27. Qd5 Be6 28. Qb5 Nxc4 29.
Bc5 Nd2 {0-1,Tyomkin,D-Shabalov,A/Hamburg Wichern op/1999/}) 13. bxc5 (13. dxc6
$143 Bxc6 $132) 13... Nxc5 14. Be3 Ra5 (14... Rc8 15. Na4 $1 $14 {[%csl Rb6]
><b6}) 15. Nf4 Ba6 (15... Ng4 16. Bxc5 $1 (16. Bd2 e5 17. Nd3 e4 (17... Nxd3
18. exd3 $36) 18. Nxe4 $5 fxe4 (18... Nxd3 19. Bxa5 Nb2 20. Rxb2 Bxb2 21. Bc3
$16) 19. Bxa5 exd3 20. Bxb6 Qe7 $1 (20... Qc8 21. e3 $19) 21. e3 (21. exd3 Nxf2
$1) 21... Nxf2 22. Rxf2 (22. Bxc5 Qxc5 23. Qd2 Bh6 $1 $36) 22... Qxe3 23. Bxc5
Qxc5 24. Bf3 Bxd5 $5 25. Bxd5+ Kh8 $11) 16... Rxc5 17. Na4 Rxc4 18. Nxb6 Rd4
19. Qb3 $36) 16. dxe6 {With this move White practically wins a P and despite
numerous exchanges Black's task remains unenviable.} Bxc4 (16... dxe6 $2 17.
Bxc5 bxc5 18. Nxe6 Qxd1 19. Rfxd1 $18) 17. exd7 Nfxd7 (17... Ncxd7 18. Ncd5 $1
$36 {resembles the game position.} (18. Bxb6 Nxb6 19. Qxd8 Rxd8 20. Rxb6 Nh5 $1
21. Nxh5 Bxc3 22. Nf4 Be5 $14) (18. Qd6 $5 $36)) 18. Bd5+ Bxd5 19. Ncxd5 Be5 {
With his weakened >> Black welcomes exchanges, as he can't protect the Pb6
anyway.} (19... b5 $143 $6 20. Qc2 b4 $8 $16) 20. Nxb6 Nxb6 21. Qxd8 Rxd8 22.
Bxc5 $5 (22. Rxb6 Ne4 $14) 22... Na4 {Decentralization can hardly be the most
sutiable way to fight for a draw.} (22... Rxc5 $2 23. Ne6 $18) (22... Nd5 $142
23. Nd3 (23. Nxd5 Rxd5 $14) (23. Rbd1 $2 Rxc5 24. Ne6 Rdc8 $11) 23... Bg7 {
and White's technical task is still far from easy, e.g.} 24. Bb6 $5 Nxb6 25.
Rxb6 Ra2 26. Re1 Bc3 27. Rc1 Bd4 28. Re6 Kf7 29. Rcc6 $14 {/+/-}) 23. Bb4 Rb5
24. Nd3 Bc3 25. Be7 $1 (25. Bxc3 $2 Rxb1 26. Rxb1 Nxc3 27. Rb2 Nxe2+ $11) 25...
Rdb8 26. Rxb5 Rxb5 27. Rc1 Kf7 28. Bg5 Ke6 {Black sends his K to extricate the
exposed pieces on the <<, but keeping it at home seems more prudent.} (28...
Rb7 $5 29. Kf1 Bg7 30. Bd2 $1 $16 {[%csl Ra4] פ}) 29. Kf1 Rb3 30. h4 Ra3 31.
Rc2 Kd5 $6 32. Bd2 Kc4 33. Bxc3 Nxc3 {Hecht: '[#] 4-3 Bauern auf einem Flügel
bietet stets Gewinnchancen. Hier macht sich für Schwarz die ungünstige
Königsstellung negativ bemerkbar. Taktik!'} (33... Rxc3 34. Rxc3+ Nxc3 35. Nf4
$18 {_|_ Endgame theory considers such positions won for White. Here the
dirtect threat is Ne6-f8, attacking the exposed P. It's obvious the K has
wandered too far.}) 34. Kg2 Kd4 (34... Kd5 35. Nf4+ Kd6 36. Rb2 Ra7 37. Rb6+
Ke7 38. h5 g5 39. Rh6 $18) 35. Nf4 Ke5 36. Rb2 Ra7 37. Rb6 $1 Re7 38. Rc6 $18
Ne4 $2 (38... Nd5 39. Rc5 $18) (38... Na4 {[%csl Ra4,Re5] doesn't lose
immediately, but with the trapped K and waylaid N Black's position remains
hopeless.} 39. h5 $5 (39. e3 $18) 39... g5 40. Nh3 g4 41. Nf4 $18 {[%csl Rf5]
><f5}) (38... Na4 {Hecht oder Sb1 waren nötig, um den sofortigen Verlust zu
vermeiden. Weiß spielt dann erst ruhig e3 sowie Kf3 und darf dann an h5 denken.
}) 39. f3 Nd6 (39... Nf6 40. Nd3+ (40. Rxf6 {Hecht} Kxf6 41. Nd5+ $18) 40...
Kd4 41. Rxf6 Rxe2+ 42. Nf2 $18) (39... Nd2 40. Rc5+ Kd4 $8 (40... Kd6 {Hecht}
41. Rd5+ $18) (40... Kf6 41. Nd5+ $18) 41. Rd5+ Kc3 42. Rxf5 $1 gxf5 43. Nd5+
$18) 40. Rc5+ (40. Rc5+ Kf6 (40... Kd4 41. Rd5+) 41. Nd5+ $18) 1-0

[Event "KasparovChess GP g/60"]
[Site "Internet"]
[Date "2000.02.18"]
[Round "3.2"]
[White "Piket, Jeroen"]
[Black "Svidler, Peter"]
[Result "1-0"]
[WhiteElo "2633"]
[BlackElo "2672"]
[Annotator "Mikhalevski,V"]
[PlyCount "45"]
[EventDate "2000.02.09"]
[EventType "k.o."]
[EventRounds "4"]
[EventCountry "NET"]
[SourceTitle "CBM 076"]
[Source "ChessBase"]
[SourceDate "2000.05.31"]
[SourceVersion "1"]
[SourceVersionDate "2000.05.31"]
[SourceQuality "1"]

1. Nf3 Nf6 2. c4 g6 3. Nc3 d5 4. cxd5 Nxd5 5. h4 $5 {It's important to
surprise your opponent in the opening, especially if you play "active chess".
Piket's 5.h4 was a real surprise for Peter and he spent 10-15 minutes for his
next move.} Nf6 {It's strange enough, but this move has never been played yet.
In the preceding games Black tried 5...Bg7;5...h6 and 5...h5.} ({The following
game is one of the examples showing that 5.h4!? is not a joke :} 5... Bg7 6. h5
Nc6 7. g3 Bg4 8. h6 Bxc3 9. bxc3 Bxf3 10. exf3 Qd6 11. Be2 O-O-O 12. Qb3 f5 13.
a4 e5 14. a5 e4 15. f4 Nf6 16. O-O Ng4 17. Ba3 Qxd2 18. a6 Na5 19. axb7+ Kb8
20. Qb5 e3 21. Bc5 exf2+ 22. Rxf2 {1-0 Piket,J-Shirov,A/Monte Carlo 1998/CBM
63 ext (22)}) (5... h6) (5... h5) 6. d4 Bg7 7. e4 O-O 8. Be2 c5 9. d5 e6 10. h5
Nxh5 11. g4 $2 {According to Shipov this move is a mistake. He writes that
White could develop an initiative with 11.Ng5.} (11. Ng5 $5 $36 {[%cal Ge2h5]
Shipov}) 11... Nf6 12. Bg5 Qb6 $6 (12... Qa5 $1 {[%cal Gf6e4] Shipov"leads to
Black's advantage"}) 13. Bxf6 Bxf6 14. Qd2 {[%cal Gd2h6]} Bg7 15. O-O-O Nd7 16.
g5 c4 $2 {[%mdl 16384] (Shipov) Now 16...Qa5 with the threat B:c3 was
necessary. The most important is that the knight on d7 could use the b6-square
and exchange on d5 would become possible.} (16... Qa5 $5 {[%cal Gd7b6] Shipov})
17. Rh2 {[%cal Gd1h1]} Re8 18. d6 {White closes the centre in order to start
direct attack against Black's king.} Rd8 19. Qf4 {[%cal Gh2h7]} Qa5 $2 {
[%mdl 8192] Too late.Black should make up his mind and to exchange his
black-squared bishop immediately.} ({With} 19... Bxc3 $1 {Svidler could put
much more difficult problems than in the game.In all the lines White would
have to calculate unnumerable amount of variations.} 20. bxc3 Qa5 21. Rxh7 $1 (
21. Kb2 e5 22. Qh4 Nf8 $14) 21... Qxc3+ 22. Kb1 Qb4+ 23. Kc2 Qa4+ 24. Kd2 $1 {
White shouldn't afraid.} Qa5+ $1 (24... Qxa2+ 25. Ke1 $3 Kxh7 26. Qxf7+ Kh8 27.
Kf1 $1 {[%cal Gf1g2,Gd1h1]} Rf8 28. Qxg6 Rxf3 (28... Qb2 29. Qh6+ Kg8 30. Qxe6+
Rf7 (30... Kg7 31. Qh6+ Kg8 32. Bxc4+ $18) 31. Bxc4 Qg7 32. g6 $18) 29. Bxf3
Qb2 30. Qh6+ Kg8 31. Qxe6+ Kg7 32. Qh6+ Kg8 33. e5 $1 $18 {[%cal Gf3d5]}) 25.
Ke3 $1 Qc3+ $1 {[]} (25... Qa3+ 26. Bd3 Qc5+ 27. Ke2 $1 (27. Nd4 $2 Qxd4+ $1
28. Kxd4 e5+ 29. Qxe5 Nxe5 30. Rdh1 Nf3+ 31. Ke3 Bh3 $3 32. R7xh3 Nxg5 33. Rh8+
Kg7 34. Rxd8 Rxd8 35. Bxc4 Rxd6 $15) 27... cxd3+ 28. Kf1 Rf8 (28... Kxh7 $2 29.
Qxf7+ Kh8 30. Kg2 {[%cal Gd1h1]}) 29. Qh4 {[%cal Gh7h8]} Qc3 30. e5 $18) (25...
Qc5+ 26. Nd4 f5 (26... Qa3+ 27. Bd3 $18) 27. Qh2 Qa3+ (27... f4+ 28. Qxf4 Qa3+
29. Bd3 Rf8 30. Qh2 $18) 28. Bd3 f4+ 29. Qxf4 Rf8 30. Qh2 $18) 26. Bd3 $1 f5 $1
{[]} (26... Rf8 27. Qh4 {[%cal Ge4e5]} cxd3 28. Rh1 $1 {[%csl Rg8][%cal Gh7h8]}
d2+ 29. Kf4 $18) 27. gxf6 Qxf6 (27... Nxf6 $2 28. Rh6 $1) (27... Kxh7 $2 28.
Qh6+ $1 Kxh6 29. Rh1#) 28. Rdh1 $5 (28. Rxd7 $5 Qxf4+ 29. Kxf4 Bxd7 30. Bxc4
$36 {[%csl Re6]}) 28... Qxf4+ 29. Kxf4 Nf8 30. Rh8+ Kg7 31. Bxc4 Rxd6 32. e5
$36) 20. Rxh7 $1 $18 {Now it's over.} f5 (20... Rf8 21. Rdh1 Bxc3 22. e5 $1 {
[%cal Gh7h8]} Bxb2+ 23. Kb1 $1 Bxe5 24. Qxe5 $1 {and mate in seven.}) (20...
Bxc3 $2 21. Qxf7#) (20... Kxh7 21. Qxf7 {[%cal Gd1h1]}) 21. gxf6 Nxf6 (21...
Kxh7 22. Rh1+ Kg8 23. fxg7 $18 {[%cal Gh1h8]}) (21... Bxf6 22. Rxd7 Rf8 23. Qh6
$5 Bxd7 24. Qxg6+ Bg7 25. Rg1 Rf7 26. Ng5 $18) 22. Rxg7+ $1 Kxg7 23. e5 {
Shipov says: "Piket acted brilliantly.He cutted Black's position on two parts
and then finished the right one."} (23. e5 {The following variations confirm
that Black resigned just in time:} Nh5 (23... Nd7 24. Rh1 {[%cal Gf4h6]} Rh8
25. Rxh8 Kxh8 26. Qh6+ Kg8 27. Qxg6+ Kf8 28. Ng5 $18) (23... Nh7 24. Rh1 {
[%cal Gf4h6]} Kg8 25. Rxh7 Kxh7 26. Qf7+ Kh6 27. Nh4 {[%csl Rg6]} Kg5 28. Qxg6+
Kxh4 29. Qg4#) 24. Qg5 Rf8 25. Rg1 Nf4 26. Rh1 Nxe2+ 27. Nxe2 Qd8 28. Qh6+ Kf7
29. Ng5+ Ke8 30. Qxg6+ Kd7 31. Qxe6+ Kc6 32. d7+ Kb5 33. Nd4+ Ka5 34. Qd5+ Kb6
35. Qd6+ Ka5 36. Qc5+ Ka6 37. Qb5#) 1-0

[Event "Cannes m1"]
[Site "Cannes"]
[Date "2000.04.20"]
[Round "3"]
[White "Piket, Jeroen"]
[Black "Tkachiev, Vladislav"]
[Result "1-0"]
[WhiteElo "2633"]
[BlackElo "2670"]
[Annotator "Huzman,A"]
[PlyCount "87"]
[EventDate "2000.04.18"]
[EventType "match"]
[EventRounds "8"]
[EventCountry "FRA"]
[SourceTitle "CBM 077"]
[Source "ChessBase"]
[SourceDate "2000.07.27"]
[SourceVersion "1"]
[SourceVersionDate "2000.07.27"]
[SourceQuality "1"]

1. d4 d5 2. c4 dxc4 3. Nf3 Nf6 4. Nc3 a6 5. e4 b5 6. e5 Nd5 7. a4 e6 8. axb5
Nb6 9. Be3 Bb7 10. bxa6 Rxa6 11. Rc1 (11. Rxa6 Nxa6 12. Bxc4 Nxc4 13. Qa4+ Qd7
14. Qxc4 Be7 15. O-O O-O 16. Ra1 Nb4 17. Nd2 Rd8 {1/2-1/2 Pert,N-Zalkind,K/
Witley 1999/CBM 71 ext (17)}) 11... Nc6 (11... Bb4 12. Nd2 (12. Be2 Ra2 13. Qc2
Bxc3+ 14. Qxc3 Nd5 15. Qxc4 Rxb2 $132) 12... Qh4 $5) 12. Nd2 Nb4 (12... Nxd4
13. Nxc4 Nxc4 14. Bxc4 Rc6 15. Qa4 $1 $16) 13. Nxc4 $1 (13. Nde4 Na2 14. Rc2
Nb4 15. Rc1 $11 (15. Rd2 Qa8 $17)) 13... Bxg2 14. Bxg2 Nxc4 15. O-O Nxe3 (15...
Nxb2 16. Qe2 Na4 17. Nxa4 Rxa4 18. Bg5 $1 Qb8 19. Rxc7 $1 $18) (15... Be7 16.
Qg4 g6 17. Bh6 $36) 16. fxe3 Be7 17. Ne4 $36 O-O 18. Qh5 Nd5 19. Rf3 $40 Nxe3
$2 (19... Ra2 20. Rg3 (20. Rh3 h6 21. Rg3 Kh8 22. Rf1 Nxe3 23. Rxe3 Qxd4 24.
Qe2 Qxe5 $44) 20... Kh8 21. Rf1 Nxe3 $1 22. Rxe3 Qxd4 23. Qh3 Rxb2 $44) (19...
f5 20. exf6 Nxf6 21. Nxf6+ (21. Qe5 Nxe4 22. Rxf8+ Bxf8 23. Bxe4 Qd6 $11) 21...
Bxf6 (21... Rxf6 22. Rxf6 Bxf6 23. Rxc7 $1 $16) 22. Rh3 h6 23. Be4 $40 {
[%cal Gh5g6]} Qe8 $1 24. Qxe8 Rxe8 25. Rxc7 Rb8 $132) 20. Rxe3 Qxd4 21. Qe2 $16
Ra2 (21... Rfa8 22. Nf2 Ra1 23. Bxa8 Rxc1+ 24. Kg2 Rb1 25. Rb3 g6 26. Qe4 $16)
22. Rxc7 Bd8 (22... Rxb2 23. Qd3 $16) 23. Rc4 Qxe5 24. Rb3 $1 Bc7 25. Ng3 Rd8 (
25... Ra1+ 26. Kf2 Qd6 27. Qd3 $16) 26. Qxe5 Bxe5 27. Rd3 $1 Rb8 28. b4 Ra1+ (
28... Rb2 29. Bc6 Bc7 30. b5 Bb6+ 31. Kh1 $16 {/+-}) 29. Nf1 h5 30. Bc6 $1 g5
31. h3 Bc7 32. b5 Rd8 33. Rxd8+ Bxd8 34. Kg2 Bb6 $2 (34... Ra2+ $142 $1 35. Kf3
f5 $132) 35. Be4 $1 Ra5 36. Bd3 $1 Kg7 37. Rc6 Ra2+ 38. Bc2 Bd4 (38... f5 39.
Kf3 Kf6 40. Rxe6+ $18) 39. Ng3 $1 Rb2 40. Nxh5+ $6 (40. Ne2 $1 Ba7 41. Bd3 $16)
40... Kh6 $2 (40... Kf8 $1 41. Rc4 Bb6 42. Nf6 Ke7 $14) 41. Ng3 $18 Rxb5 $2 (
41... Kg7 42. Ne2 $18) 42. Nf5+ Kh5 43. Nxd4 Rb4 44. Rd6 1-0

[Event "Cannes m1"]
[Site "Cannes"]
[Date "2000.04.28"]
[Round "8"]
[White "Tkachiev, Vladislav"]
[Black "Piket, Jeroen"]
[Result "0-1"]
[WhiteElo "2670"]
[BlackElo "2633"]
[Annotator "Stohl,I"]
[PlyCount "128"]
[EventDate "2000.04.18"]
[EventType "match"]
[EventRounds "8"]
[EventCountry "FRA"]
[SourceTitle "CBM 077"]
[Source "ChessBase"]
[SourceDate "2000.07.27"]
[SourceVersion "1"]
[SourceVersionDate "2000.07.27"]
[SourceQuality "1"]

1. d4 Nf6 2. c4 c5 3. d5 b5 {This was Piket's last chance to equal the score
in an 8-game match, so he chooses a sharp opening.} 4. Nf3 g6 5. cxb5 a6 6. b6
d6 7. Nc3 Bg7 8. e4 Nbd7 9. a4 Qxb6 {Now White gains more () on the << to
prevent possible activity by Black on this flank.} (9... a5 $142 $1 10. Bb5 O-O
11. O-O (11. Qe2 Nxb6 12. O-O Ne8 13. Rd1 Nc7 14. Bf4 Nxb5 15. axb5 Bd7 16. e5
Bg4 17. Rd3 Nc4 18. exd6 exd6 19. Ra4 Re8 20. Be3 Ne5 21. Rd2 c4 $17 {Pres,
G-Krivoshey,S/Koszalin B/1999/}) 11... Nxb6 (11... Ba6 12. b7 Bxb7 13. Re1 Ne8
14. Bg5 Nc7 15. Bf1 Ba6 {1/2,Ivanisevic,I-Pikula,D/Vrnjacka Banja YUG-chT/1999/
}) (11... Qxb6 12. h3 Ba6 13. Qe2 Rfb8 14. Nd2 Bxb5 15. Nxb5 Qa6 16. Rb1 Ne8
17. Nc4 Rxb5 18. axb5 Qxb5 19. Qc2 Nc7 20. Bg5 Kf8 21. Ra1 Nb6 22. Nxb6 Qxb6
23. Ra2 Na6 24. Qd2 Nb4 25. Ra3 $14 {Gleizerov,E-Insua Mellado,J/Malaga op/
2000/ A surprising parallel to our game.}) 12. Re1 Ne8 (12... Bb7 13. Bf4 Ne8
14. e5 dxe5 15. Nxe5 Nxd5 16. Nxd5 Qxd5 17. Qxd5 Bxd5 18. Nd7 $16 {Andonovski,
L-De Mie,M/Wijk aan Zee C/2000/}) 13. Bf4 f6 (13... Ba6 $5) 14. Nd2 (14. h4 $5
$14) 14... Nc7 15. Bc6 Rb8 16. Nb3 Nc4 17. Nb5 Na6 18. Qe2 Ne5 19. Bxe5 fxe5
20. Nd2 Nb4 21. Nc4 Ba6 22. Ra3 Rc8 23. Na7 Rc7 24. Nb5 Nxc6 25. dxc6 Rxc6 26.
Qd2 $44 {Sokolov,I-Ponomariov,R/Hastings/1999/}) (9... Nxb6 10. a5 Nbd7 11. h3
O-O 12. Bc4 Ne8 13. Bf4 Nc7 14. Qd2 Re8 15. O-O Rb8 16. Qe2 Rb4 17. Ra2 Nf6 18.
Rd1 Nh5 19. Bh2 e5 20. dxe6 Bxe6 21. Bxe6 Rxe6 22. Qd2 Bxc3 23. bxc3 Rbxe4 24.
Raa1 Re2 25. Qh6 Qe7 26. c4 Ng7 27. g4 f6 28. Rab1 Nce8 29. Kg2 Qc7 30. Rb6 Qc8
31. Bf4 Qa8 32. Bxd6 g5 33. Bxc5 Qe4 34. Rxe6 Qxe6 $2 (34... Nxe6 $142) 35. Rd8
Qxc4 36. Rxe8+ (36. Bd4 $142) 36... Nxe8 (36... Rxe8 $142 37. Bd4 Qc6 $13) 37.
Qf8# {1-0 Delemarre,J-Riemersma,L/Wijk aan Zee 1995/CBM 46/[ChessBase] (37)})
10. a5 {[%csl Ga5,Ra6] ()} Qa7 (10... Qb4 $142 $5 {A well-known motive. Black
lures the R to a4, a square White needs for his N.} 11. Ra4 Qb7 12. Nd2 $5 (12.
Bc4 Ng4 13. O-O Nge5 14. Nxe5 Nxe5 15. Be2 Bd7 16. Ra3 Bb5 17. Qb3 O-O 18. Bxb5
axb5 19. Qxb5 Qxb5 20. Nxb5 Rfb8 21. Nc3 Nc4 22. Ra2 Rxa5 $17 {Conlazo Zavalia,
E-Bernard,I/Buenos Aires/1998/}) (12. h3 O-O 13. Bc4 Ne8 14. O-O Nc7 15. Qe2
Rb8 16. Ra2 Nb5 17. Bg5 Ne5 18. Nxe5 Nd4 19. Qd3 Bxe5 20. Bh6 Re8 21. Na4 Nb3
22. Be3 Qb4 23. Nb6 Nxa5 24. Bd2 Qxb6 25. Bxa5 Qb7 26. Bc3 Bxc3 27. bxc3 Bd7
28. Bxa6 Bb5 $11 {Ricardi,P-Georgiev,Kir/Moscow olm/1994/}) 12... O-O 13. Be2
$14) (10... Qc7 11. Be2 O-O 12. O-O Rb8 13. Nd2 Ne8 14. Nc4 Qd8 15. Bg5 f6 16.
Be3 Nc7 17. f4 f5 18. e5 $1 dxe5 19. fxe5 Nxe5 20. Bxc5 Nb5 21. Bb6 Qd7 22. Na4
Qe8 23. Re1 Nxc4 24. Bxc4 Nd6 25. Bf1 $16 {Smagin,S-Subasic,I/Zenica/1987/})
11. Be2 O-O 12. O-O Rb8 13. Qc2 (13. Nd2 $5 $14) 13... Ne8 14. Bg5 Ne5 15. Nxe5
(15. Nd2 h6 16. Bh4 f5 $132) 15... Bxe5 16. Na4 Nf6 (16... Rb4 17. Bd2 $16) 17.
Nb6 Bd4 (17... Nd7 $5 18. Bxe7 (18. Nc4 Bf6 $11) 18... Re8 19. Nxc8 Rexc8 20.
Ra2 Nf6 (20... f6 21. f4 Bd4+ 22. Kh1 Qc7 23. e5 $1 $16) 21. Bxf6 Bxf6 $44 {
[%csl Gf6] ^-}) 18. Rab1 Bd7 19. Rfd1 Rxb6 $5 {A brave sacrifice, Black
doesn't want to defend passively and invests some material to free his pieces.}
(19... Bb5 20. b4 Bxe2 21. Qxe2 $36) 20. axb6 Qxb6 21. h3 a5 {[%csl Rb2][%cal
Ra5a4] /\a4,><b2} 22. b3 Bb5 23. Re1 Rb8 24. Bxb5 Qxb5 25. Bd2 (25. Be3 Bxe3
26. Rxe3 a4 $44) 25... Qa6 26. Be3 (26. Qc4 $5 Qxc4 27. bxc4 Rxb1 28. Rxb1 Kg7
(28... Nxe4 $2 29. Bh6 $1 $18) 29. Bxa5 Nxe4 30. Be1 $14) 26... Bxe3 27. Rxe3
$14 {<=>} Rb4 28. Rd1 Nd7 $1 {Black must prevent e5, otherwise White would
activate his R.} 29. Ra1 f6 30. Ra4 Rb5 31. Re1 (31. Kh2 $14) 31... Qb6 32. Ra3
Kg7 33. Rea1 $6 {White is careless.} ({Safer was} 33. Kh2 Rb4 $14) 33... c4 $5
34. Qxc4 (34. bxc4 $6 Rb2 35. c5 $8 Nxc5 36. Qc1 Rxf2 $1 $36 (36... Nd3 37. Qe3
Qxe3 38. fxe3 Nc5 $44)) 34... Nc5 $44 {/+/=} 35. Re1 (35. Qc2 Rb4 $5 $132 (
35... Nxb3 36. Rb1 Nc5 $14)) 35... Rb4 36. Qc2 Nxb3 37. Qc8 $6 (37. Qc6 Qa7 38.
Qc3 Qb6 $14) 37... Nc5 38. Qc6 (38. Kh2 $5 a4 $44) 38... Qa7 39. Raa1 Kf7 $1 {
[%csl Re4] ><e4 Now the e4-pawn is lost and the advantage passes to Black.} 40.
Reb1 Nxe4 41. Qc2 Qd4 42. Re1 f5 $15 43. Ra2 $2 (43. Rad1 Qb2 $15) 43... Qxd5
44. Rd1 Qe5 45. Rda1 Qd4 $1 46. Ra4 (46. Rxa5 Rb2 47. R5a4 Qxf2+ 48. Qxf2 Nxf2
$19) (46. Rd1 Qc3 47. Qe2 a4 $19) 46... Nc5 $1 $19 {The a-pawn still manages
to survive and White's [+] has been blown to bits. The game is decided.} 47.
Rd1 (47. Rxa5 Rb2 48. Rd1 Rxc2 49. Rxd4 Nb3 $19) (47. Rxb4 axb4 $19 {[%csl Gb4]
o^b}) 47... Qxd1+ 48. Qxd1 Rxa4 {Black's position is too solid for White's
lone Q to make any impression. Black will quietly improve his pieces and
advance his P.} 49. Qd2 (49. Qd5+ Kg7 50. Qc6 Re4 $19) 49... h5 50. Qc3 Rb4 51.
Kh2 (51. Qh8 Ne6 (51... a4 $5) 52. Qa8 a4 $19) 51... Ne6 52. Qa3 Rb5 53. Qa4
Rc5 54. Qb3 d5 55. Kg1 Rc1+ 56. Kh2 d4 57. Qa3 Rc5 58. Qb3 h4 59. Kg1 Rc3 60.
Qd5 (60. Qd1 d3 61. Qd2 Nd4 $1 $19) 60... a4 61. f4 a3 62. g4 hxg3 63. h4 Rc5
64. Qa2 (64. Qb3 d3 $1 65. Qxd3 a2 66. Qa3 Rc2 $19) 64... d3 0-1